Statistiken für Länder, die an Südafrika grenzen

Klicken Sie hier um das Quiz zu spielen!

Allgemein

  • Dieses Quiz wurde 13.939 mal gespielt
  • Das Durchschnittsergebnis liegt bei 5 aus 6

Antwortstatistiken

LängeLand% Korrekt
909 kmLesotho
95%
967 kmNamibia
95%
430 kmEswatini
91%
1'840 kmBotswana
89%
491 kmMosambik
87%
225 kmSimbabwe
84%

Verteilung der Resultate

Perzentil nach korrekt beantworteten Fragen

Anzahl Personen mit jedem Resultat

Ihre Resultats-Entwicklung

Sie haben dieses Quiz noch nicht gespielt